000 00777nam a2200241 i 4500
001 C2-0229989
003 PPAK
005 20180728160545.0
008 001022s my |||| ||||| | zxx d
040 _aPPAK
_beng
_cPPAK
_erda
082 0 4 _a297.4
_223
090 0 0 _a297.4
_bMOH
_dKSA
100 0 _aMohd. Sidek bin Elamdin,
_cDato'
_eauthor
245 1 0 _aCadangan-cadangan terhadap tesis yang bertajuk Taj Al-Arus Al-Hawi Li Tahdhib Al-Nufus:
_bsatu analisis teks
264 1 _aPulau Pinang :
_bUniversiti Sains Malaysia ,
300 _c29 cm
336 _2rdacontent
_atext
337 _2rdamedia
_aunmediated
338 _2rdacarrier
_avolume
500 _aSeminar laporan kemajuan bagi penyelidikan Ijazah Sarjana
650 1 0 _aSocialism and Islam
942 _ddc
_cB
999 _c149497
_d149497